UBT Library

The social innovation imperative : (Record no. 869)

000 -LEADER
fixed length control field 00653nam a22002057a 4500
008 - FIXED-LENGTH DATA ELEMENTS--GENERAL INFORMATION
fixed length control field 150520b xxu||||| |||| 00| 0 eng d
020 ## - INTERNATIONAL STANDARD BOOK NUMBER
International Standard Book Number 9780071754996
041 0# - LANGUAGE CODE
Language code of text/sound track or separate title eng
080 ## - UNIVERSAL DECIMAL CLASSIFICATION NUMBER
Universal Decimal Classification number 658.8
100 ## - Rafti
Rafti Bates, Sandra M.
245 14 - TITLE STATEMENT
Title The social innovation imperative :
Statement of responsibility, etc Sandra M. Bates.
260 ## -
-- New York :
-- McGraw-Hill,
-- c2012.
300 ## -
-- 241 f.:
-- me il.:
-- 24 cm.
650 #0 -
-- Marketing
650 #0 -
-- Reklamim
-- Emrat e brendeve të produkteve
650 #0 -
-- Reputacion
650 #0 -
-- Lidership
650 #0 -
-- Komunikim
942 ## - ADDED ENTRY ELEMENTS (KOHA)
Source of classification or shelving scheme
Item type Books
Holdings
Withdrawn status Lost status Source of classification or shelving scheme Damaged status Not for loan Collection code Permanent location Current location Shelving location Date acquired Total Checkouts Full call number Barcode Date last seen Koha item type Price effective from
          Koleksioni i përgjithshem UBT - Lipjan UBT - Lipjan Koleksioni i përgjithshem 05/20/2015   658.8 BAT 002-007635 11/01/2017 Books  
          Koleksioni i përgjithshem UBT - Lipjan UBT - Lipjan Koleksioni i përgjithshem 09/22/2015   658.8 BAT 002-007636 09/22/2015 Books 09/22/2015
          Koleksioni i përgjithshem UBT - Lipjan UBT - Lipjan Koleksioni i përgjithshem 09/22/2015   658.8 BAT 002-007637 09/22/2015 Books 09/22/2015
          Koleksioni i përgjithshem UBT - Lipjan UBT - Lipjan Koleksioni i përgjithshem 09/23/2015   658.8 BAT 002-007721 09/23/2015 Books 09/23/2015
          Koleksioni i përgjithshem UBT - Lipjan UBT - Lipjan Koleksioni i përgjithshem 11/01/2017   658.8 BAT 002-2935769 11/01/2017 Books 11/01/2017
          Koleksioni i përgjithshem UBT - Lipjan UBT - Lipjan Koleksioni i përgjithshem 11/01/2017   658.8 BAT 002-2935764 11/01/2017 Books 11/01/2017
          Koleksioni i përgjithshem UBT - Lipjan UBT - Lipjan Koleksioni i përgjithshem 11/01/2017   658.8 BAT 002-2935759 11/01/2017 Books 11/01/2017
          Koleksioni i përgjithshem UBT - Lipjan UBT - Lipjan Koleksioni i përgjithshem 11/01/2017   658.8 BAT 002-2935754 11/01/2017 Books 11/01/2017
          Koleksioni i përgjithshem UBT - Lipjan UBT - Lipjan Koleksioni i përgjithshem 11/01/2017   658.8 BAT 002-2935749 11/01/2017 Books 11/01/2017
          Koleksioni i përgjithshem UBT - Lipjan UBT - Lipjan Koleksioni i përgjithshem 11/01/2017   658.8 BAT 002-2935744 11/01/2017 Books 11/01/2017
          Koleksioni i përgjithshem UBT - Lipjan UBT - Lipjan Koleksioni i përgjithshem 11/01/2017   658.8 BAT 002-2935739 11/01/2017 Books 11/01/2017
          Koleksioni i përgjithshem UBT - Lipjan UBT - Lipjan Koleksioni i përgjithshem 11/01/2017   658.8 BAT 002-2935734 11/01/2017 Books 11/01/2017
          Koleksioni i përgjithshem UBT - Lipjan UBT - Lipjan Koleksioni i përgjithshem 11/01/2017   658.8 BAT 002-2935729 11/01/2017 Books 11/01/2017
UBT Library © 2015-2024. All rights reserved University Education for Business and Technology